LEADER 01298nam0 2200337 450 001 000019944 005 20070521100516.0 010 $a84-00-08174-9 100 $a20070517d2003----km-y0itaa50------ba 101 0 $aspa$agrc 102 $aES 200 1 $aTraducir la revolución$ela Nueva constitución política de Rigas de Velestino$fMaría López Villalba 210 $aMadrid$cConsejo superior de investigaciones científicas$d2003 215 $a224 p., 11 p. di tav.$cill. col.$d24 cm 225 2 $aNueva Roma$v18 300 $aTesto greco a fronte 410 1$12001$aNueva Roma$v18 600 1$aRígas,$bKonstandínos 606 1 $aImperialismo$yGrecia$zSec. 18. 676 $a956.015$v(21. ed.)$9Storia del Medio Oriente (Vicino Oriente). 1300-1900 700 1$aLópez Villalba,$bMaría$0757294 801 0$aIT$bUniversità della Basilicata - B.I.A.$gRICA$2unimarc 912 $a000019944 996 $aTraducir la revolución$91527565 997 $aUNIBAS BAS $aLETTERE CAT $aSTD050$b01$c20070517$lBAS01$h1522 CAT $aTTM$b30$c20070518$lBAS01$h1328 CAT $aTTM$b30$c20070521$lBAS01$h1005 FMT Z30 -1$lBAS01$LBAS01$mBOOK$1BASA1$APolo Storico-Umanistico$2GEN$BCollezione generale$3FM/105755$6105755$5L105755$820070518$f02$FPrestabile Generale LEADER 03102nam 2200529 450 001 9910465769603321 005 20200520144314.0 010 $a3-95934-212-8 035 $a(CKB)3710000000636558 035 $a(EBL)4455669 035 $a(MiAaPQ)EBC4455669 035 $a(Au-PeEL)EBL4455669 035 $a(CaPaEBR)ebr11177752 035 $a(OCoLC)945747017 035 $a(EXLCZ)993710000000636558 100 $a20160407h20152015 uy 0 101 0 $ager 135 $aur|n|---||||| 181 $2rdacontent 182 $2rdamedia 183 $2rdacarrier 200 10$aCitizen Journalism Footage im Dokumentarfilm $eDemokratiefo?rdernde Potenziale dokumentarfilmischer Hybride /$fLaura-Johanne Zimmermann 210 1$aHamburg, [Germany] :$cDiplomica Verlag,$d2015. 210 4$d©2015 215 $a1 online resource (88 p.) 300 $aDescription based upon print version of record. 311 $a3-95934-712-X 320 $aIncludes bibliographical references. 327 $aCitizen Journalism Footage im Dokumentarfilm - Demokratiefo?rdernde Potenziale dokumentarfilmischer Hybride; Inhaltsverzeichnis; 1. Einleitung; 2. Medien und Demokratie; 2.1. Demokratie theoretisch - Die Grundlage der Arbeit; 2.2. Medien, Gesellschaft, Demokratie - Warum Medienwichtig sind; 2.3. Von demokratischen Werten geleitete Funktionserwartungen an die Medien; 2.3.1. ,Alte' Medien und ihre demokratiefo?rdernden Potenziale; 2.3.2. ,Neue' Medien und ihre demokratiefo?rdernden Potenziale; 2.4. Zusammenfassung; 3. Diskussion in Bezug auf citizen journalism footage und den Dokumentarfilm 327 $a3.1. Film, Gesellschaft, Demokratie - Warum dokumentarischer Film wichtig ist3.2. Sozialpolitische Bewegtbilder oder citizen journalism footage; 3.2.1. Neue Technologien, neue Freiheiten; 3.2.2. ,Ethik des Angebots'; 3.2.3. Die Frage nach der Informationsautonomie; 3.2.4. Exemplarischer Exkurs: Arabischer Fru?hling; 3.3. Der Dokumentarfilm als etabliertes Medium; 3.3.1. Richtlinien und konzeptionelle Anforderungen; 3.3.2. Das Attribut der Leitkompetenz; 3.3.3. Publikum und Rezeption; 3.4. Zusammenfassung; 4. Hybride - Citizen journalism footage im Dokumentarfilm 327 $a4.1. Warum hybride Dokumentarfilme der Demokratie zutra?glich sind4.2. Die hybriden Dokumentarfilme THE GREEN WAVE und BURMA VJ als veranschaulichende Beispiele; 4.2.1 The Green Wave; 4.2.2. Burma VJ; 4.2.3. Zusammenfassung; 4.3. Exkurs: Eine vera?nderte Bilda?sthetik als logische Konsequenz; 5. Conclusio und Ausblick; 6. Quellenverzeichnis 606 $aPress and politics 606 $aMass media$xPolitical aspects 606 $aFreedom of the press 608 $aElectronic books. 615 0$aPress and politics. 615 0$aMass media$xPolitical aspects. 615 0$aFreedom of the press. 676 $a070.44932 700 $aZimmermann$b Laura-Johanne$0931354 801 0$bMiAaPQ 801 1$bMiAaPQ 801 2$bMiAaPQ 906 $aBOOK 912 $a9910465769603321 996 $aCitizen Journalism Footage im Dokumentarfilm$92095119 997 $aUNINA